000 00366nam a2200145Ia 4500
008 240624s9999 xx 000 0 und d
041 _aeng
082 _a658.7 COY
100 _aCOYLE JOHN J
245 _aMANAGEMENT OF BUSINESS LOGISTICS A SUPPL
250 _a(7th ed.)
260 _c2007
_aNew Delhi
_bThomson
300 _axx, : 707 : p. : cm. ; 23
365 _cRS
999 _c6219
_d6219